[Event "NED-ch U12 op"]
[Site "Borne"]
[Date "2019.08.05"]
[Round "1"]
[White "Ponomarev, Ivan"]
[Black "Henckens, Elof"]
[Result "1-0"]
[WhiteElo "1433"]
[BlackElo "832"]
[PlyCount "95"]
[EventDate "2019.08.05"]
[EventType "swiss"]
[EventRounds "13"]
[EventCountry "NED"]
[SourceTitle "EXT 2020"]
[Source "ChessBase"]
[SourceDate "2019.10.17"]
[SourceVersion "1"]
[SourceVersionDate "2019.10.17"]
[SourceQuality "1"]

1. e4 c6 2. d4 d5 3. Nc3 dxe4 4. Nxe4 Nf6 5. Nxf6+ gxf6 6. Bc4 Bf5 7. Nf3 Qc7 8. Be3 e6 9. Qd2 Nd7 10. 0-0-0 0-0-0 11. Bf4 Bd6 12. Bxd6 Qxd6 13. Rhe1 Nb6 14. Bd3 Bg6 15. Qa5 Kb8 16. Bxg6 fxg6 17. Rd3 Rhe8 18. Ra3 Nc8 19. Ree3 a6 20. Reb3 Qf4+ 21. Kb1 Rxd4 22. Nxd4 Qxd4 23. Qe1 Rd8 24. Rd3 Qb6 25. Rxd8 Qxd8 26. Rd3 Qe7 27. Re3 e5 28. f4 Qd6 29. fxe5 fxe5 30. Rxe5 Kc7 31. Re8 Qxh2 32. Qe5+ Qxe5 33. Rxe5 Kd7 34. Re3 Nd6 35. Rh3 h5 36. Rg3 Nf5 37. Rxg6 h4 38. Rg5 Ke6 39. c4 Ke5 40. Kc2 Kf4 41. Rg8 Ne3+ 42. Kd3 Ng4 43. b3 Ne5+ 44. Kd4 Nf3+ 45. gxf3 Kxf3 46. Rh8 Kg3 47. Kc5 h3 48. Kb6 1-0